00491cam a22001457a 4500008004000000082002000040100002100060245011100081260006300192300001100255650001900266650002100285650002900306650001000335180718b1992 xxu||||| |||| 00| 0 eng d aAPPPA 91-92 HAR aHarijan, Jagdish aWages for laboureers in unorganised sector in India: a study of policy and legislationcby Jagdish Harijan aNew DelhibIndian Institute of Public Administrationc1992 a138+p. aLabour welfare aWage legislation aUnorganised sector-India aWages